000 00669cam a22002171 4500
001 ne 62001765
003 DLC
005 20260227111739.0
008 890329m19619999ua 000 0 ararc
010 _ane 62001765
035 _a(OCoLC)19475189
040 _aPrinceton Univ. Libr.
_cCU
_dCU
_dDLC
042 _apremarc
050 0 0 _aPJ7858.A8
_bM3
100 1 _aQaṣṣāṣ, Fuʼād.
245 1 0 _aMaryam al-majdalīyah
_c[taʼlīf] Fuʼād al-Qaṣṣāṣ.
260 _aal-Qāhirah,
_bal-Qiṣṣah al-Jadīdah,
_c[1961?-
300 _av.
_c19 cm.
500 _aA dialogue prepared originally as a radio program.
600 0 0 _aMary Magdalene,
_cSaint
_vFiction.
999 _c45371
_d45371